Rozbor organizácie hospodárskych stredísk v priemyselnom podniku záverečná práca postgraduálneho štúdia

Enregistré dans:
Détails bibliographiques
Auteur principal: Komínek, Pavel
Collectivité auteur: Vysoká škola ekonomická v Bratislave
Autres auteurs: Dančová, Eliška
Format: Livre
Langue:slovaque
Publié: Bratislava 1988
Tags: Ajouter un tag
Pas de tags, Soyez le premier à ajouter un tag!

MARC

LEADER 00000nam a2200000 4500
001 c035202
005 20221219092227.8
041 0 |a slo 
044 |a SK 
245 1 0 |a Rozbor organizácie hospodárskych stredísk v priemyselnom podniku  |b záverečná práca postgraduálneho štúdia  |c Pavel Komínek ; ved. práce Eliška Dančová 
264 1 |a Bratislava  |c 1988 
300 |a 66 s. 
100 1 |a Komínek, Pavel 
700 1 |a Dančová, Eliška 
710 2 |a Vysoká škola ekonomická v Bratislave